00688nam a2200205Ia 450000500170000000800410001708200100005810000190006824500640008725000090015126000520016030000130021265000320022565000380025765000400029565000300033594200060036595200960037199900150046720240527022509.0240331s9999 xx 000 0 und d a338.8 aSinha,B.P. Jai 0aMultinationals in IndiabManaging the interface of cultures a1 st aNew DelhibSage Publication India Pvt Ltdc2004 a290 p ., aBusiness enterprise - india aCross culture orientation - india aintercultural communication - india aCorporate culture - india cL 001040708LaWERCLbWERCLcSSCd2024-03-31l0o 338.8SINp6260r2024-03-31w2024-03-31yL c4557d4557